| 000 | 00876nam a2200277 4500 | ||
|---|---|---|---|
| 001 | 45638 | ||
| 090 | _a45638 | ||
| 100 | _a20230907d2023 a y0pory50030103ba | ||
| 101 | 1 | _apor | |
| 102 | _aPT | ||
| 200 | 1 |
_aA Mitologia Grega de A a Z _fLuc Ferry _gtrad. Joana Baudoin |
|
| 205 | _a1.ª ed. | ||
| 210 | 9 |
_aLisboa _cGuerra & Paz _d2026 |
|
| 215 | _a330 p. | ||
| 225 | 2 | _aOs Livros Não se Rendem | |
| 304 | _atít. orig.: La Mythologie grecque de A à Z pour les Nuls» | ||
| 675 | _a2-14(38) | ||
| 675 | _a2-158 ) A/Z (38) | ||
| 675 |
_a821.133.1-9"20" _vBN _zpor |
||
| 700 | 1 |
_aFerry, _bLuc, _f1951- |
|
| 701 | 1 |
_aDuarte, _bCarlos Rafael _4070 |
|
| 702 | 1 |
_aBruneau, _bClotilde, _f1987- _4070 |
|
| 702 | 1 |
_aCarmo, _bMaria de Fátima _4730 |
|
| 801 | 0 |
_aPT _bBN _gRPC |
|
| 856 | 4 | 1 | _uhttp://rnod.bnportugal.gov.pt/ImagesBN/winlibimg.aspx?skey=&doc=2142852&img=183709&save=true |
| 990 | _cLIVROS | ||